| 000 | 00862nam a2200253 a 4500 | ||
|---|---|---|---|
| 008 | |||
| 020 | _a177900317x (pbk.) | ||
| 049 | _aMAIN | ||
| 090 | _aLB2805 | ||
| 100 | 1 | _aPaul, Kasambira. | |
| 245 | 1 | 0 |
_aEducation, adminstration and management / _cK. Paul Kasambira. |
| 260 |
_aHarare : _bCollege Press, _cc1998. |
||
| 300 |
_aviii, 223 p. : _bill. ; _c22 cm. |
||
| 440 | _aNew directions in education. | ||
| 504 | _aIncludes bibliographical references. | ||
| 650 | 0 |
_aSchool management and adminstration _zZimbabwe _xCase studies. |
|
| 650 | 0 |
_aTeacher participation in administration _zZimbabwe _xCase studies. |
|
| 650 | 0 |
_aCommunity and school _zZimbabwe _xCase studies. |
|
| 907 |
_a.b10128293 _b21-07-04 _c21-06-04 |
||
| 003 | |||
| 005 | 20230123133743.0 | ||
| 040 | _cNUST | ||
| 942 |
_cBOOKS _kLB2805 |
||
| 999 |
_c154066 _d154066 |
||